Illinois True or False? - Statistics

General Stats
  • This quiz has been taken 10,396 times
  • The average score is 11 of 15
Answer Stats
Question Answer % Correct
The S in Illinois is silent True
95%
Chicago is the capital of Illinois False
91%
The northeast part of the state is the most populated True
86%
Illinois borders the Mississippi River True
85%
Illinois once had the world's tallest building True
85%
Peoria is a city in Illinois True
84%
Illinois is home to Northwestern University True
79%
East St. Louis is known as a wealthy suburb of St. Louis False
69%
Illinois was the home of Robert Wadlow - the tallest man in history True
69%
Since the year 2000, the population of Illinois has more than doubled False
63%
Miller, Pabst, and Schlitz beer all comes from Illinois False
63%
Abraham Lincoln was born in Illinois False
61%
"Ghostbusters" took place in the state of Illinois False
55%
Illinois was home to the world's first nuclear reactor True
49%
Illinois is known as "The Prairie State" True
38%
No matching quizzes found
Score Distribution
Percent of People with Each Score
Percentile by Number Answered
Your Score History
You have not taken this quiz